000 00592nam a2200205Ia 4500
005 20250923150108.0
008 008 250917s9999 xx 000 0 eng d
037 _aTextual
040 _aDSWL
_beng
_cDSWL
041 _aeng
_2eng
084 _aX8(J):322.273, PO2
_qDSWL
100 _aPrasad, B N
_9842168
245 0 _aRadicalism and violence in agrarian structure
_c by B N Prasad
260 _aNew Delhi
_b Manak Punlication
_c2002
300 _a351p.
365 _aINR
_b475
925 _g475
942 _cTEXL
_hX8(J):322.273, PO2
999 _c1459499
_d1459499